00619nam a2200205 4500001000700000003000900007005001700016007000300033008004100036100002100077245013500098250001800233260003700251300002600288650001600314650002400330700001700354700002000371852002200391136821ES-MaACL20230906195233.0t|070214s1964 xxu r ||||1| eng d1 aSaks, Stanislaw.10aTheory of the integral / cby Dr. Stanislaw Saks ; English translation by L.C. Young ; with two additional notes by Stefan Banach. a2nd. rev. ed. aNew York : bDover Pub., c1964. aXV, 343 p. ; c21 cm.00aIntegrales.00aCálculo integral.1 aYoung, L. C.1 aBanach, Stefan. aES-MaACLjC-42227